| 000 | 00509nam a2200181 i 4500 | ||
|---|---|---|---|
| 001 | 129975 | ||
| 003 | ES-MaACL | ||
| 005 | 20250717063032.0 | ||
| 007 | t| | ||
| 008 | 070712q1910 sp ||||1| spa d | ||
| 100 | 1 |
_aZulueta y Gomis, José, _d1858-1925 _9118476 |
|
| 245 | 1 | 0 |
_aPoesía de la agricultura / _cJosé Zulueta. |
| 260 |
_aMadrid : _bEditorial Reus, _c[1910?] |
||
| 300 |
_a98 p. ; _c21 cm. |
||
| 852 |
_aES-MaACL _j1626-F-12 |
||
| 852 |
_aES-MaACL _jF-7645 |
||
| 999 |
_c129975 _d129975 |
||